Personnages historiques Partie I - Statistiques

Statistiques générales
  • Ce quiz a été pris 132 fois
  • Le résultat moyen est 6 sur 16
Statistiques - réponses
Par images Réponse % Correct
Raspoutine
88%
Margaret Thatcher
76%
Otto Von Bismarck
61%
Gamal Abdel Nasser
58%
Martin Luther
58%
Rembrandt
46%
Pol Pot
38%
Stanley Kubrick
30%
Simon Bolivar
27%
Nina Simone
20%
Jacques Mesrine
16%
Oliver Cromwell
12%
Eva Peron
10%
Sappho
10%
Kwame Nkrumah
3%
Simo Hayha
3%
Aucun quiz correspondant
Distribution des résultats
% des personnes avec chaque résultat
Percentile par nombre de réponses
Votre historique - résultats
Vous n’avez pas pris ce quiz